| 000 | 00684nam a22002417a 4500 | ||
|---|---|---|---|
| 999 |
_c128805 _d128805 |
||
| 003 | dpl | ||
| 005 | 20190216161805.0 | ||
| 008 | 190216b ||||| |||| 00| 0 eng d | ||
| 010 | _aB-045065 | ||
| 020 | _c100.00 | ||
| 035 | _aB-045065, B-045089 | ||
| 037 | _bCen Lib/Ret | ||
| 040 |
_adpl _bEN _c0 |
||
| 082 |
_a881 _bMAL |
||
| 100 |
_aMalhotra, Ashim _924482 |
||
| 245 |
_aOde to lonliness / _cby Ashim Malhotra |
||
| 260 |
_bPrakash Shodh Sansthan _aNew Delhi _c2000 |
||
| 270 |
_a4, Darya ganj _bNew Delhi _e110002 |
||
| 300 |
_a64p. _c21cm(Hb) |
||
| 650 |
_aLiterature -- Poetry _972474 |
||
| 650 |
_aEnglish poems _923715 |
||
| 942 |
_2ddc _cEN _h881 _mMAL |
||